000 01256nam a2200205Ia 4500
003 Ost
005 20260507074928.0
008 260507s9999||||xx |||||||||||||| ||und||
020 _a5014607599879
040 _cfsecg
041 _aara
082 _a658.403
100 _aالعمري ،غسان عيسى،
_eمؤلف
245 0 _aنظم المعلومات الإستراتيجية : مدخل استراتيجي معاصر /
_cغسان عيسى العمري
260 _aعمان:
_bدار المسيرة,
_c2008
300 _a255 صفحة؛
_bإيضاحات ؛
_c25 سم
504 _aببليوغرافيا: ص.255
520 _aمدخل نظري حول الادارة الاستراتيجية، عمليات الادارة الاستراتيجية، تخطيط نظم المعلومات الاستراتيجية، نظام المعلومات الاستراتيجي والاستراتيجية التنافسية في ظل مفهوم الميزة والضرورة التنافسية، نظم المعلومات الاستراتيجية والأعمال الالكترونية، نظم المعلومات الاستراتيجية وادارة المعرفة، نظم المعلومات الاستراتيجية الدولية
942 _cكتاب
999 _c41842
_d41842